| 000 | 00827nam a22002057a 4500 | ||
|---|---|---|---|
| 999 |
_c17043 _d17043 |
||
| 003 | AR-CdUCM | ||
| 008 | 190507b ||||| |||| 00| 0 spa d | ||
| 040 |
_aMUNICIPALIDAD PROVINCIAL DEL CUSCO _cBIBLIOTECA MUNICIPAL DEL CUSCO |
||
| 082 |
_a869.009 / _bR17 |
||
| 100 |
_aRagucci, Rodolfo M. _911365 |
||
| 245 |
_aEscritores de hispanoamérica : _bnotas biográficas y criticas y antología anotada / |
||
| 260 |
_aBuenos Aires : _bPio IX, _c1959. |
||
| 300 |
_a380 páginas ; _c23 cm. |
||
| 505 | _aContenido: Época colonial -- Época de la revolución e independencia -- Época de la vida nacional independiente --Época de la organización política... | ||
| 650 |
_aHispnoamérica _936859 |
||
| 650 |
_aEscritores _92284 |
||
| 650 |
_aCronistas e historiadores _936860 |
||
| 942 |
_2ddc _cLIBROS |
||
| 945 |
_aacv _d2019-05-07 |
||